000 02478nam a2200337Ia 4500
999 _c54964
_d54964
001 22035
003 GE_BSU
005 20220928165412.0
008 181216s2007||||ge |||||||||||||| || ||
020 _a9994025813
040 _cGE_BSU
041 _ageo
080 _a821.353.1.02(რომანტიზმი) ჩ-82
100 _aჩოხარაძე, მალხაზ
_914887
245 _aქართველი რომანტიკოსების შემოქმედება :
_bაბიტურიენტის სახელმძღვ. ერთიანი ეროვნ. გამოცდებისათვის მოსამზადებლად - ბიოგრაფიები, ტექსტების ანალიზი, ტესტები, განმარტებები და პასუხები /
_cმალხაზ ჩოხარაძე ; რედ. : მურმან გორგოშაძე, ქეთევან შოთაძე
264 _aბათუმი :
_bბათუმის შოთა რუსთაველის სახელმწ. უნ-ტის გამ-ბა,
_c2007.
300 _a109 გვ. ;
_c20 სმ.
490 _aშოთა რუსთაველის სახელმწიფო უნივერსიტეტის სასწავლო-საგანმანათლო ცენტრის ბიბლიოთეკა
541 _h5ლ.
653 _aრომანტიზმი ქართულ ლიტერატურაში
653 _a ქართველი რომანტიკოსები
653 _a ქართული ლიტერატურის ისტორია და კრიტიკა
653 _aსაქართველო XVII საუკუნის ბოლოს და XIX საუკუნის დასაწყისში
653 _a ალექსანდრე ჭავჭავაძე
653 _a გრიგოლ ორბელიანი
653 _a ნიკოლოზ ბარათაშვილი
653 _aქართული ლიტერატურა
700 _aგორგოშაძე, მურმან
_eრედაქტორი
_914888
700 _aშოთაძე, ქეთევან
_eრედაქტორი
_914660
942 _cBK
_2udc